The queen of the big time
Gespeichert in:
| 1. Verfasser: | |
|---|---|
| Format: | Buch |
| Sprache: | Undetermined |
| Veröffentlicht: |
New York
Random House
2004
|
| Schlagworte: | |
| Tags: |
Tag hinzufügen
Keine Tags, Fügen Sie den ersten Tag hinzu!
|
| Thư viện lưu trữ: | Trung tâm Học liệu Trường Đại học Cần Thơ |
|---|
| LEADER | 00562nam a2200193Ia 4500 | ||
|---|---|---|---|
| 001 | CTU_219442 | ||
| 008 | 210402s9999 xx 000 0 und d | ||
| 082 | |a 813.54 | ||
| 082 | |b T828/CD.1 | ||
| 100 | |a Trigiani, Adriana | ||
| 245 | 4 | |a The queen of the big time | |
| 245 | 0 | |c Adriana Trigiani | |
| 260 | |a New York | ||
| 260 | |b Random House | ||
| 260 | |c 2004 | ||
| 650 | |a First loves,American fiction,Tình yêu đầu tiên | ||
| 650 | |x Fiction,Tiểu thuyết | ||
| 904 | |i Tuyến | ||
| 980 | |a Trung tâm Học liệu Trường Đại học Cần Thơ | ||